Band Names By Synonyms - Statistics

General Stats
  • This quiz has been taken 151 times
  • The average score is 11 of 15
Answer Stats
Synonym Band name % Correct
The cops The Police
96%
Spinning pebbles Rolling Stones
93%
Intercourse hand guns Sex Pistols
93%
Murderers Killers
91%
Female ruler Queen
90%
Honey making insect 7th letter of the alphabet Bee Gees
86%
Speaking skulls Talking heads
86%
Dark sunday Black Sabbath
82%
Seaside men Beach boys
79%
Eye water for phobias Tears for fears
65%
Travel Journey
64%
Lethal liquid Poison
61%
Domestic animal store men Pet shop boys
55%
Beast men Beastie Boys
51%
Smash! Wham!
25%
No matching quizzes found
Score Distribution
Percent of People with Each Score
Percentile by Number Answered
Your Score History
You have not taken this quiz